书目信息 |
| 题名: |
朱子箴言录
|
|
| 作者: | 王贵元 主编 ;汪龙麟 编著 | |
| 分册: | ||
| 出版信息: | 北京 北京广播学院出版社 1992 |
|
| 页数: | 279页 | |
| 开本: | 19cm | |
| 丛书名: | 诸子箴言录文库 | |
| 单 册: | ||
| 中图分类: | B244.75 | |
| 科图分类: | ||
| 主题词: | 朱熹--哲学--研究 , 朱熹--研究 , 考亭学派 | |
| 电子资源: | ||
| ISBN: | 7-81004-305-6 | |
| 000 | 00722nam0 2200253 45 | |
| 001 | 0309171613 | |
| 005 | 20050523170250.5 | |
| 010 | @a7-81004-305-6@dCNY3.90 | |
| 100 | @a20030917d1992 km y0chiy0120 ea | |
| 101 | 0 | @achi |
| 105 | @a z 000yy | |
| 200 | 1 | @a朱子箴言录@AZhu Zi Zhen Yan Lu@f王贵元主编@FWang Gui Yuan Zhu Bian@g汪龙麟编著 |
| 210 | @a北京@c北京广播学院出版社@d1992 | |
| 215 | @a279页@d19cm | |
| 225 | @a诸子箴言录文库@h六 | |
| 410 | @12001 @a诸子箴言录文库 | |
| 606 | 0 | @a朱熹@x哲学@x研究 |
| 606 | 0 | @a朱熹@x研究 |
| 606 | 0 | @a考亭学派 |
| 690 | @aB244.75@v3 | |
| 701 | 0 | @a王贵元@4主编 |
| 702 | 0 | @a汪龙麟@AWang Long Lin@4编著 |
| 801 | @aCN@bTSTC@c20030918 | |
| 905 | @dB244.75@e22@f1@b250255 | |
| 朱子箴言录/王贵元主编/汪龙麟编著.-北京:北京广播学院出版社,1992 |
| 279页;19cm.-(诸子箴言录文库.六) |
| ISBN 7-81004-305-6:CNY3.90 |
| ● |
| 相关链接 |
|
|
|
|
正题名:朱子箴言录
索取号:B244.75/22
 
预约/预借
| 序号 | 登录号 | 条形码 | 馆藏地/架位号 | 状态 | 备注 |
| 1 | 0250249 | 000522688 | 第一借阅区/ [索取号:B244.75/22] | 在馆 | |
| 2 | 0250250 | 000522713 | 第一借阅区/ [索取号:B244.75/22] | 在馆 | |
| 3 | 0250251 | 001837007 | 密集书库/ [索取号:B244.75/22] | 在馆 | |
| 4 | 0250252 | 001837043 | 密集书库/ [索取号:B244.75/22] | 在馆 | |
| 5 | 0250253 | 001837089 | 密集书库/ [索取号:B244.75/22] | 在馆 | |
| 6 | 0250254 | 001836927 | 密集书库/ [索取号:B244.75/22] | 在馆 | |
| 7 | 0250255 | 000522722 | 第一样本阅览室/ [索取号:B244.75/22] | 在馆 |